[Event "ITA-ch Online (Women) KO"]
[Site "Premium Chess Arena INT"]
[Date "2020.11.22"]
[Round "2.1"]
[White "Guerini, Silvia"]
[Black "Arnetta, Maria Teresa"]
[Result "0-1"]
[WhiteElo "2016"]
[BlackElo "2093"]
[PlyCount "88"]
[EventDate "2020.11.21"]
[EventType "k.o. (rapid)"]
[EventRounds "2"]
[EventCountry "ITA"]
[SourceTitle "CBM 199 Extra"]
[Source "ChessBase"]
[SourceDate "2021.01.31"]
[SourceVersion "1"]
[SourceVersionDate "2021.01.31"]
[SourceQuality "1"]

1. e4 c5 2. Nf3 Nc6 3. Bb5 e5 4. Bxc6 dxc6 5. d3 f6 6. 0-0 Bd6 7. Nh4 Ne7 8. Qh5+ g6 9. Qh6 Kd7 10. f4 Qf8 11. fxe5 Qxh6 12. e6+ Kxe6 13. Bxh6 Be5 14. c3 g5 15. Nf3 Rg8 16. Nxe5 Kxe5 17. Nd2 Bg4 18. d4+ cxd4 19. cxd4+ Ke6 20. h3 Be2 21. Rf2 Ba6 22. h4 gxh4 23. Nf3 h3 24. Re1 Rg6 25. Bf4 Rag8 26. g3 Rg4 27. Kh2 Ng6 28. Bc7 Kd7 29. Kxh3 h5 30. Ba5 Bd3 31. e5 Bf5 32. exf6 Rh4+ 33. Kg2 Nf4+ 34. Kf1 Rh1+ 35. Ng1 Bh3+ 36. Rg2 Bxg2+ 37. Kf2 Bd5 38. Re7+ Kc8 39. f7 Bxf7 40. Rxf7 Rh2+ 41. Kf3 Nd3 42. Bc3 Rf2+ 43. Ke3 Rxf7 44. Kxd3 Rxg3+ 0-1

[Event "Cesenatico op 23rd"]
[Site "Cesenatico"]
[Date "2019.09.07"]
[Round "8"]
[White "Guerini, Silvia"]
[Black "Mrdja, Milan"]
[Result "0-1"]
[WhiteElo "1974"]
[BlackElo "2279"]
[PlyCount "132"]
[EventDate "2019.09.01"]
[EventType "swiss"]
[EventRounds "9"]
[EventCountry "ITA"]
[SourceTitle "EXT 2020"]
[Source "ChessBase"]
[SourceDate "2019.10.17"]
[SourceVersion "1"]
[SourceVersionDate "2019.10.17"]
[SourceQuality "1"]

1. e4 c5 2. Nf3 d6 3. d4 cxd4 4. Nxd4 Nf6 5. Nc3 e6 6. Be2 Be7 7. 0-0 0-0 8. Be3 a6 9. f4 Nbd7 10. Qe1 Qc7 11. Kh1 Kh8 12. Qg3 g6 13. Rae1 b5 14. a3 Bb7 15. Bd3 Nc5 16. Bd2 Rac8 17. Nf3 Nxd3 18. cxd3 Qd7 19. Ng5 Nh5 20. Qh3 f5 21. exf5 exf5 22. Re2 Bf6 23. Rfe1 Rfe8 24. d4 Rxe2 25. Rxe2 Re8 26. Qd3 Kg8 27. Rxe8+ Qxe8 28. d5 Ng7 29. h3 h6 30. Nf3 Qf7 31. Nd4 Bxd5 32. Nxf5 Bxg2+ 33. Kxg2 Nxf5 34. b4 Qb3 35. Qd5+ Qxd5+ 36. Nxd5 Bd8 37. Bc3 Kf7 38. Kf3 Ke6 39. Ke4 Ng3+ 40. Kd4 Nf5+ 41. Ke4 Ne7 42. Ne3 Bb6 43. Ng2 Nf5 44. Ne1 d5+ 45. Kd3 Nd6 46. Bg7 Nf5 47. Bc3 Be3 48. Bd2 Bd4 49. Bc3 Bb6 50. Nf3 Bf2 51. Be1 Bxe1 52. Nxe1 Nd6 53. Nf3 Nc4 54. Nd4+ Kf6 55. Nc2 Kf5 56. Kd4 Kxf4 57. Kxd5 Ne3+ 58. Nxe3 Kxe3 59. Kc5 g5 60. Kb6 h5 61. Kxa6 g4 62. hxg4 hxg4 63. Kxb5 g3 64. a4 g2 65. a5 g1Q 66. a6 Kd3 0-1

[Event "EU-Cup (Women) 23rd"]
[Site "Porto Carras"]
[Date "2018.10.12"]
[Round "1.3"]
[White "Guerini, Silvia"]
[Black "Daulyte Cornette, Deimante"]
[Result "0-1"]
[WhiteElo "1977"]
[BlackElo "2462"]
[PlyCount "90"]
[EventDate "2018.10.12"]
[EventType "team-swiss"]
[EventRounds "7"]
[EventCountry "GRE"]
[SourceTitle "CBM 186 Extra"]
[Source "ChessBase"]
[SourceDate "2018.08.24"]
[SourceVersion "1"]
[SourceVersionDate "2018.08.24"]
[SourceQuality "1"]
[WhiteTeam "Caissa Italia Alpi Marittime (W)"]
[BlackTeam "Monte Carlo (W)"]
[WhiteTeamCountry "ITA"]
[BlackTeamCountry "MNC"]

1. e4 Nf6 2. e5 Nd5 3. d4 d6 4. c4 Nb6 5. exd6 cxd6 6. Nc3 g6 7. Be3 Bg7 8. Rc1 0-0 9. b3 Bf5 10. Be2 d5 11. c5 Nc8 12. Nf3 Nc6 13. 0-0 Bg4 14. b4 a6 15. Rb1 Bxf3 16. Bxf3 e6 17. a4 N8e7 18. b5 axb5 19. axb5 Na5 20. Be2 Nf5 21. Qd2 h6 22. Rfd1 Qh4 23. g3 Qe7 24. Rdc1 Rfd8 25. Bf1 e5 26. Ne2 Nc4 27. Qc3 exd4 28. Nxd4 Nfxe3 29. fxe3 Ra3 30. Rb3 Rxb3 31. Qxb3 Nxe3 32. Qd3 Nc4 33. Nb3 Ne5 34. Qe2 d4 35. Bg2 d3 36. Qd2 Qe6 37. Na5 Ng4 38. Rf1 Bd4+ 39. Kh1 Qe2 40. Nb3 Nf2+ 41. Rxf2 Qxf2 42. Qxf2 Bxf2 43. Bxb7 d2 44. Nxd2 Rxd2 45. c6 Bb6 0-1

[Event "ITA-ch qual CM"]
[Site "Alessandria"]
[Date "2018.07.24"]
[Round "4.2"]
[White "Baldizzone, Mario"]
[Black "Guerini, Silvia"]
[Result "1-0"]
[WhiteElo "2097"]
[BlackElo "1924"]
[PlyCount "79"]
[EventDate "2018.07.21"]
[EventType "swiss"]
[EventRounds "9"]
[EventCountry "ITA"]
[SourceTitle "EXT 2023"]
[Source "ChessBase"]
[SourceDate "2022.10.05"]
[SourceVersion "1"]
[SourceVersionDate "2022.10.05"]
[SourceQuality "1"]

1. e4 c5 2. Nf3 e6 3. b3 Nc6 4. Bb2 d6 5. g3 Nf6 6. Qe2 Be7 7. Bg2 0-0 8. 0-0 Rb8 9. d4 cxd4 10. Nxd4 Nxd4 11. Bxd4 b6 12. Rd1 Qc7 13. c4 Bb7 14. Nc3 a6 15. Rac1 Nd7 16. f4 Bf6 17. Qf2 Rfd8 18. Kh1 Bxd4 19. Qxd4 Nf6 20. h3 h6 21. Kh2 Qc5 22. Qxc5 dxc5 23. e5 Bxg2 24. Kxg2 Ne8 25. Kf3 Kf8 26. Ke3 Ke7 27. g4 g6 28. f5 gxf5 29. gxf5 f6 30. fxe6 fxe5 31. Nd5+ Kxe6 32. Rg1 Nd6 33. Rg6+ Kf5 34. Rf6+ Kg5 35. Rg1+ Kh5 36. Rgg6 Nf7 37. Ne7 Rf8 38. Nf5 Rbd8 39. Rg4 Rg8 40. Ng3# 1-0

[Event "Palmanova op 6th"]
[Site "Palmanova"]
[Date "2017.12.09"]
[Round "5"]
[White "Guerini, Silvia"]
[Black "Visintin, Roberto"]
[Result "1/2-1/2"]
[WhiteElo "1968"]
[BlackElo "2037"]
[PlyCount "47"]
[EventDate "2017.12.07"]
[EventType "swiss"]
[EventRounds "6"]
[EventCountry "ITA"]
[SourceTitle "CBM 182 Extra"]
[Source "ChessBase"]
[SourceDate "2018.02.23"]
[SourceVersion "1"]
[SourceVersionDate "2018.02.23"]
[SourceQuality "1"]

1. e4 e6 2. d4 d5 3. Nc3 Nf6 4. e5 Nfd7 5. f4 c5 6. Nce2 cxd4 7. Nxd4 Nc6 8. Ngf3 Bc5 9. c3 Qb6 10. a3 a5 11. a4 Ndb8 12. Bd3 Nxd4 13. cxd4 Bb4+ 14. Bd2 Nc6 15. Bc3 Bd7 16. 0-0 h6 17. Kh1 Rc8 18. Ra2 Ne7 19. Qd2 Bxc3 20. bxc3 Qc7 21. Rc1 Bc6 22. h3 Qd7 23. Bc2 g6 24. Nh2 1/2-1/2

[Event "Palmanova op 6th"]
[Site "Palmanova"]
[Date "2017.12.07"]
[Round "1"]
[White "Seresin, Francesco"]
[Black "Guerini, Silvia"]
[Result "1-0"]
[WhiteElo "2216"]
[BlackElo "1968"]
[PlyCount "113"]
[EventDate "2017.12.07"]
[EventType "swiss"]
[EventRounds "6"]
[EventCountry "ITA"]
[SourceTitle "CBM 182 Extra"]
[Source "ChessBase"]
[SourceDate "2018.02.23"]
[SourceVersion "1"]
[SourceVersionDate "2018.02.23"]
[SourceQuality "1"]

1. d4 Nf6 2. c4 c5 3. Nf3 g6 4. g3 Bg7 5. Bg2 0-0 6. 0-0 cxd4 7. Nxd4 Nc6 8. Nc2 d6 9. Nc3 Be6 10. b3 Qd7 11. Bb2 Bh3 12. Qc1 Bxg2 13. Kxg2 a6 14. Ne3 Rac8 15. Ncd5 Nxd5 16. Nxd5 Qe6 17. Bxg7 Kxg7 18. Qb2+ Kg8 19. Rfd1 Rfe8 20. Rac1 Qe5 21. Qd2 h5 22. Rc3 Qg7 23. a4 Ne5 24. Re3 e6 25. Nc3 Red8 26. Qd4 Ng4 27. Qxg7+ Kxg7 28. Red3 Rc6 29. Ne4 d5 30. cxd5 exd5 31. Rxd5 Rxd5 32. Rxd5 Re6 33. Rd4 f5 34. Nc3 Rc6 35. Nd5 Rc2 36. h3 Nf6 37. Nxf6 Kxf6 38. Rd6+ Kg5 39. h4+ Kh6 40. e3 Rc3 41. Rb6 Rc7 42. Kf3 Re7 43. Ke2 Rd7 44. f3 Re7 45. Rb4 Kg7 46. e4 fxe4 47. fxe4 Kh6 48. Ke3 Kg7 49. Kf4 Kf6 50. Rb6+ Kg7 51. e5 Kf7 52. Ke4 Kg7 53. a5 Kf7 54. Rf6+ Kg7 55. Rf3 Re6 56. Kd5 Rc6 57. e6 1-0

[Event "ITA-chT (Women) 10th"]
[Site "Gallipoli"]
[Date "2017.05.01"]
[Round "7.1"]
[White "Guerini, Silvia"]
[Black "Di Primio, Eugenia"]
[Result "0-1"]
[WhiteElo "1979"]
[BlackElo "1953"]
[PlyCount "106"]
[EventDate "2017.04.28"]
[EventType "team-tourn"]
[EventRounds "7"]
[EventCountry "ITA"]
[SourceTitle "CBM 178 Extra"]
[Source "ChessBase"]
[SourceDate "2017.06.22"]
[SourceVersion "1"]
[SourceVersionDate "2017.06.22"]
[SourceQuality "1"]
[WhiteTeam "Pentole Agnelli (W)"]
[BlackTeam "Chieti Fischer (W)"]
[WhiteTeamCountry "ITA"]
[BlackTeamCountry "ITA"]

1. e4 e5 2. Nf3 Nc6 3. Bc4 Bc5 4. 0-0 Nf6 5. d3 d6 6. c3 Bb6 7. Bb3 h6 8. h3 0-0 9. Re1 Re8 10. Nbd2 Nh5 11. Nf1 Qf6 12. Be3 Nf4 13. Bxf4 Qxf4 14. Ne3 Ne7 15. Bc2 c6 16. d4 Be6 17. Nh2 Qh4 18. Nf3 Qf6 19. Bb3 Rad8 20. Bxe6 Qxe6 21. Qc2 Ng6 22. Nf5 Nf4 23. a3 Kh7 24. Rad1 g6 25. Ng3 Qf6 26. Re3 Kg7 27. Ne2 Qe7 28. Nxf4 exf4 29. Ree1 Qf6 30. e5 dxe5 31. Nxe5 Bc7 32. Nf3 Bd6 33. Re4 Rxe4 34. Qxe4 Rd7 35. Re1 Re7 36. Qb1 g5 37. Rxe7 Qxe7 38. Qe1 Qd7 39. Ne5 Qe6 40. Nd3 Qf5 41. Qe2 h5 42. c4 g4 43. hxg4 hxg4 44. Kf1 Qh5 45. Ke1 Qh1+ 46. Qf1 Qh5 47. Qe2 Qh1+ 48. Qf1 Qh2 49. Kd1 Kg6 50. Ne1 Qh5 51. f3 g3 52. Qd3+ Kg7 53. Qe4 Qa5 0-1

[Event "Presolana op 35th"]
[Site "Presolana"]
[Date "2015.08.23"]
[Round "1"]
[White "Guerini, Silvia"]
[Black "Bosio, Devis"]
[Result "0-1"]
[WhiteElo "1869"]
[BlackElo "1971"]
[PlyCount "94"]
[EventDate "2015.08.23"]
[EventType "swiss"]
[EventRounds "8"]
[EventCountry "ITA"]
[SourceTitle "EXT 2024"]
[Source "ChessBase"]
[SourceDate "2023.10.10"]
[SourceVersion "1"]
[SourceVersionDate "2023.10.10"]
[SourceQuality "1"]

1. e4 c6 2. Nc3 d5 3. Nf3 Bg4 4. h3 Bxf3 5. Qxf3 e6 6. Be2 Nd7 7. d4 Qb6 8. exd5 cxd5 9. Bb5 Ngf6 10. Qe3 Bb4 11. 0-0 0-0 12. Bxd7 Bxc3 13. Qxc3 Nxd7 14. Qd3 Rfc8 15. c3 Qc6 16. Qg3 Kh8 17. Bf4 b5 18. Bd6 a5 19. a3 Ra6 20. Bf4 Nb6 21. Rfc1 Nc4 22. b4 axb4 23. axb4 Rca8 24. Rxa6 Rxa6 25. Be3 Qc8 26. Qf3 Kg8 27. Qg3 Nd6 28. Bf4 Ne4 29. Qd3 Qc6 30. Be3 Ra2 31. f3 Nd6 32. Rc2 Qa6 33. Bf4 Nc4 34. Kh2 Qa4 35. Rxa2 Qxa2 36. Bc1 g6 37. Kg3 Kg7 38. Kh2 Qf2 39. Bf4 h5 40. Qb1 Qb2 41. Qd3 h4 42. Be3 f6 43. Bf4 Qf2 44. Qb1 g5 45. Bc1 Qg3+ 46. Kh1 Qe1+ 47. Kh2 Ne3 0-1

[Event "Treviglio Province-ch"]
[Site "Treviglio"]
[Date "2014.01.25"]
[Round "4"]
[White "Guerini, Silvia"]
[Black "Ferrari, Paolo"]
[Result "1-0"]
[WhiteElo "1823"]
[BlackElo "1661"]
[PlyCount "145"]
[EventDate "2014.01.18"]
[EventType "swiss"]
[EventRounds "6"]
[EventCountry "ITA"]
[SourceTitle "EXT 2016"]
[Source "ChessBase"]
[SourceDate "2015.10.08"]
[SourceVersion "1"]
[SourceVersionDate "2015.10.08"]
[SourceQuality "1"]

1. e4 c5 2. Nc3 Nc6 3. f4 g6 4. Nf3 Bg7 5. Bc4 Nf6 6. 0-0 d6 7. d3 0-0 8. Qe1 Bg4 9. Qf2 a6 10. a4 Bxf3 11. Qxf3 Nd4 12. Qf2 Qd7 13. h3 b5 14. Bd5 Ra7 15. a5 Nxd5 16. Nxd5 e6 17. Ne3 f5 18. Qe1 fxe4 19. dxe4 Qc6 20. Qd1 Qxe4 21. c3 Nf5 22. Nxf5 exf5 23. Qxd6 Qe7 24. Qd5+ Kh8 25. Qf3 Re8 26. Bd2 Qd8 27. Be3 Rc7 28. Rad1 Qa8 29. Qf2 b4 30. c4 Qe4 31. Bxc5 Qxc4 32. Bb6 Rce7 33. Rc1 Qe2 34. Qc5 Qxb2 35. Rb1 Qc3 36. Rxb4 Qxc5+ 37. Bxc5 Re6 38. Bd4 Bxd4+ 39. Rxd4 Kg7 40. Rfd1 h6 41. Rd6 Kf7 42. Rb6 Re1+ 43. Rxe1 Rxe1+ 44. Kf2 Re6 45. g4 fxg4 46. hxg4 Ke7 47. Rb7+ Kd6 48. Rh7 g5 49. f5 Rf6 50. Rb7 h5 51. Kf3 hxg4+ 52. Kxg4 Ke5 53. Re7+ Kd6 54. Rg7 Ke5 55. Rxg5 Rh6 56. Rg6 Rh8 57. Re6+ Kd5 58. Rxa6 Rg8+ 59. Rg6 Rc8 60. a6 Rc1 61. Kg5 Ra1 62. Re6 Rg1+ 63. Kf6 Ra1 64. Kf7 Ra2 65. Ke7 Rc2 66. Kd7 Rh2 67. f6 Rf2 68. Rd6+ Ke5 69. Rb6 Kd5 70. a7 Ra2 71. Rb7 Kc5 72. f7 Rf2 73. a8Q 1-0